000 00500cam a2200193ua 4500
001 421
008 110331n ii |||gr||||Z||||||eng
020 _a81-7041-708-2
040 _cMAIN
082 _a327
245 1 _aInternational relations
_cby Vinoy Kumar Malhotra
250 _a1st.
260 _aDelhi:
_bAnmol publications,993.
300 _axvi, 543p.:
_c25cm.
653 _aPolitical science
653 _aInternational relations
700 _aMalhotra, Vinoy Kumar.,
_eAuthor.
942 _cBK
999 _c366
_d366